<?xml version="1.0" encoding="UTF-8"?>
<collection xmlns:xsi="http://www.w3.org/2001/XMLSchema-instance" xsi:schemaLocation="http://www.loc.gov/MARC21/slim http://www.loc.gov/standards/marcxml/schema/MARC21slim.xsd" xmlns="http://www.loc.gov/MARC21/slim">
 <record>
  <leader>00000cab a22000004cb4500</leader>
  <controlfield tag="001">IPP-00000210081</controlfield>
  <controlfield tag="003">IPP</controlfield>
  <controlfield tag="005">20170127120703.0</controlfield>
  <controlfield tag="008">170127s2016    xx     d | ||r |||||eng||</controlfield>
  <datafield tag="041" ind1="#" ind2="#">
   <subfield code="a">eng</subfield>
  </datafield>
  <datafield tag="100" ind1="1" ind2="#">
   <subfield code="a">Garcia, Leni  dLR.</subfield>
  </datafield>
  <datafield tag="245" ind1="1" ind2="0">
   <subfield code="a">Cloth weaving cloth, clay shaping clay</subfield>
   <subfield code="b">toward a religion of beauty (or folkcrafts as a way of dwelling poetically)</subfield>
  </datafield>
  <datafield tag="264" ind1="#" ind2="1">
   <subfield code="c">2016</subfield>
  </datafield>
  <datafield tag="520" ind1="#" ind2="#">
   <subfield code="a">Prompted by Heidegger’s search for great art in the modern times, this paper looks into crafts as answering the philosopher’s frustrated call. Using Soetsu Yanagi’s idea of a “religion of beauty,” which turns to the ordinary as beautiful, it suggests that crafts—carefully made by hand while considering its affinity with nature and the human body that uses it—is a way of being, the way Heidegger described the way of “dwelling poetically.”</subfield>
  </datafield>
  <datafield tag="650" ind1="1" ind2="0">
   <subfield code="a">Handicraft</subfield>
  </datafield>
  <datafield tag="650" ind1="2" ind2="0">
   <subfield code="a">Weaving</subfield>
  </datafield>
  <datafield tag="773" ind1="0" ind2="#">
   <subfield code="t">International Journal of Philosophy</subfield>
   <subfield code="g">Vol. 17, no. 2 (May. 2016), 208-224</subfield>
  </datafield>
  <datafield tag="942" ind1="#" ind2="#">
   <subfield code="a">Article</subfield>
  </datafield>
  <datafield tag="950" ind1="#" ind2="#">
   <subfield code="a">FI</subfield>
  </datafield>
 </record>
</collection>
